|
|
|
|
| LEADER |
00000naa0a2200000 4500 |
| 001 |
594200 |
| 005 |
20250203144321.0 |
| 035 |
|
|
|a (RuTPU)RU\TPU\tpu\8605
|
| 035 |
|
|
|a RU\TPU\tpu\8599
|
| 090 |
|
|
|a 594200
|
| 100 |
|
|
|a 20020517d1986 k y0rusy50 ca
|
| 101 |
0 |
|
|a rus
|
| 102 |
|
|
|a RU
|
| 200 |
1 |
|
|a Применение ультразвуковых колебаний для подготовки системы жидкость-твердое-жидкость к гранулированию
|f А. Ф. Кладов, Э. Н. Брандэс, С. А. Бабенко
|
| 320 |
|
|
|a Библиогр.: 5 назв. - Деп. в ООНИИТЭХИМ, Г. Черкассы, 18.07.86, № 897-ХП-86.
|
| 463 |
|
|
|t Методы исследования в химии и химической технологии
|o материлы научно-практической конференции (Томск, 20-22 мая 1986)
|o секция "Процессы, машины и аппараты химических производств"
|v С. 131-137
|d 1986
|
| 610 |
1 |
|
|a труды учёных ТПУ
|
| 700 |
|
1 |
|a Кладов
|b А. Ф.
|f 1934-
|g Анатолий Федорович
|3 (RuTPU)RU\TPU\pers\3579
|
| 701 |
|
1 |
|a Брандэс
|b Э. Н.
|f 1932-
|g Эдуард Николаевич
|3 (RuTPU)RU\TPU\pers\3581
|
| 701 |
|
1 |
|a Бабенко
|b С. А.
|c кандидат технических наук
|c ХТФ
|f 1926-
|g Сергей Александрович
|3 (RuTPU)RU\TPU\pers\3556
|
| 801 |
|
2 |
|a RU
|b 63413507
|c 20100128
|g PSBO
|
| 942 |
|
|
|c BK
|